[Event "Ruhrgebiet Verbandsklasse Gruppe 3 1617"]
[Site "Germany"]
[Date "2017.02.19"]
[Round "7.7"]
[White "Schedlbauer, Daniel"]
[Black "Sikorski, Thomas"]
[Result "0-1"]
[WhiteElo "1520"]
[BlackElo "1748"]
[PlyCount "74"]
[EventDate "2016.09.04"]
[EventType "team-tourn"]
[EventRounds "9"]
[EventCountry "GER"]
[SourceTitle "EXT 2022"]
[Source "ChessBase"]
[SourceDate "2021.10.06"]
[SourceVersion "1"]
[SourceVersionDate "2021.10.06"]
[SourceQuality "1"]
[WhiteTeam "Recklinghausen Laeufer Ost"]
[BlackTeam "Katernberg SF IV"]
[WhiteTeamCountry "GER"]
[BlackTeamCountry "GER"]

1. e4 e5 2. Nf3 Nf6 3. d4 Nxe4 4. Nxe5 d6 5. Nf3 d5 6. Nbd2 Bd6 7. Bd3 0-0 8. 0-0 Re8 9. Re1 f5 10. c4 c6 11. b3 Na6 12. Nf1 Nb4 13. Bb1 Nc3 14. Rxe8+ Qxe8 15. Qd2 Ne2+ 16. Kh1 Nxc1 17. Qxc1 Qe2 18. Kg1 Bd7 19. Ng3 Bxg3 20. hxg3 Re8 21. Ne5 Rxe5 22. dxe5 Qxe5 23. a3 Qxa1 24. axb4 Qe5 25. Bd3 d4 26. Qg5 Kf7 27. Qh5+ Kg8 28. Qg5 g6 29. f3 Kg7 30. Kh2 Qf6 31. Qxf6+ Kxf6 32. Kh3 f4+ 33. Kh2 Bf5 34. Bxf5 Kxf5 35. g4+ Ke5 36. Kg1 d3 37. Kf2 Kd4 0-1

[Event "Gelsenkirchen Silvester op 3rd"]
[Site "Gelsenkirchen"]
[Date "2015.12.28"]
[Round "4"]
[White "Sikorski, Thomas"]
[Black "Jorke, Roland"]
[Result "1-0"]
[WhiteElo "1795"]
[BlackElo "1357"]
[PlyCount "51"]
[EventDate "2015.12.27"]
[EventType "swiss"]
[EventRounds "5"]
[EventCountry "GER"]
[SourceTitle "EXT 2019"]
[Source "ChessBase"]
[SourceDate "2018.10.10"]
[SourceVersion "1"]
[SourceVersionDate "2018.10.10"]
[SourceQuality "1"]

1. c4 e6 2. Nf3 d5 3. d4 c5 4. Nc3 Nc6 5. e3 cxd4 6. Nxd4 Bb4 7. Bd2 Nf6 8. cxd5 exd5 9. Bb5 Bd7 10. 0-0 0-0 11. Bxc6 Bxc6 12. Nxc6 bxc6 13. Qc2 a5 14. Rfd1 Qb8 15. Ne2 Qb5 16. Nd4 Qc4 17. Qxc4 dxc4 18. Bxb4 Rfc8 19. Bc3 Ne4 20. Nf5 Rc7 21. Bxg7 f6 22. Rd4 Rxg7 23. Rxe4 Rb8 24. Rb1 c3 25. b3 Rd8 26. Rd4 1-0

[Event "Gelsenkirchen Silvester op 2nd"]
[Site "Gelsenkirchen"]
[Date "2014.12.27"]
[Round "1"]
[White "Raabe, Stefan"]
[Black "Sikorski, Thomas"]
[Result "1-0"]
[WhiteElo "1997"]
[BlackElo "1791"]
[PlyCount "43"]
[EventDate "2014.12.27"]
[EventType "swiss"]
[EventRounds "5"]
[EventCountry "GER"]
[SourceTitle "EXT 2019"]
[Source "ChessBase"]
[SourceDate "2018.10.10"]
[SourceVersion "1"]
[SourceVersionDate "2018.10.10"]
[SourceQuality "1"]

1. e4 c6 2. d4 d6 3. Nf3 Nd7 4. Bc4 h6 5. Bf4 Ngf6 6. e5 Nd5 7. Bxd5 Qa5+ 8. Nc3 cxd5 9. exd6 e6 10. 0-0 Qb6 11. Re1 Nf6 12. Be5 Qc6 13. Qd3 Bxd6 14. a4 Bxe5 15. Nxe5 Qb6 16. a5 Qc7 17. Nb5 Qe7 18. Qg3 0-0 19. Nc3 Qb4 20. Nd3 Qxd4 21. Ra4 Ne4 22. Rxe4 1-0

[Event "NRW Class2 1112"]
[Site "Germany"]
[Date "2012.03.25"]
[Round "8.8"]
[White "Miemietz, Carsten"]
[Black "Sikorski, Thomas"]
[Result "0-1"]
[WhiteElo "1735"]
[BlackElo "1716"]
[PlyCount "48"]
[EventDate "2011.09.18"]
[EventType "team-tourn"]
[EventRounds "9"]
[EventCountry "GER"]
[SourceTitle "EXT 2015"]
[Source "ChessBase"]
[SourceDate "2014.11.20"]
[SourceVersion "1"]
[SourceVersionDate "2014.11.20"]
[SourceQuality "1"]
[WhiteTeam "Muenster SK II"]
[BlackTeam "Herne Sodingen"]
[WhiteTeamCountry "GER"]
[BlackTeamCountry "GER"]

1. c4 c6 2. Nc3 d6 3. g3 e5 4. Bg2 Nf6 5. d3 Be7 6. Nf3 0-0 7. 0-0 Nbd7 8. b4 Qc7 9. a4 Rd8 10. Qb3 Nf8 11. Bg5 g6 12. Rfc1 Ne6 13. Bd2 h5 14. b5 Bd7 15. Rab1 Rdb8 16. Ng5 a6 17. Rc2 Nd4 18. Qa2 Nxc2 19. Qxc2 axb5 20. axb5 d5 21. f4 Ng4 22. e3 exf4 23. exf4 Qb6+ 24. Kf1 Qf2# 0-1

[Event "Herne Laufer op"]
[Site "Herne"]
[Date "2004.06.13"]
[Round "7"]
[White "Bergmann, Josef"]
[Black "Sikorski, Thomas"]
[Result "1-0"]
[WhiteElo "2047"]
[BlackElo "1999"]
[PlyCount "31"]
[EventDate "2004.06.09"]
[EventType "swiss"]
[EventRounds "7"]
[EventCountry "GER"]
[SourceTitle "EXT 2005"]
[Source "ChessBase"]
[SourceDate "2004.11.15"]
[SourceVersion "1"]
[SourceVersionDate "2004.11.15"]
[SourceQuality "1"]

1. f4 c6 2. Nf3 d6 3. e4 Bg4 4. Be2 Nd7 5. 0-0 e5 6. fxe5 dxe5 7. Kh1 Ngf6 8. b3 Be7 9. a3 0-0 10. Bb2 Qb6 11. Nxe5 Nxe5 12. Bxe5 h5 13. h3 Bxe2 14. Qxe2 g6 15. Rxf6 Bxf6 16. Bxf6 1-0

[Event "Duisburg Grossenbaum op"]
[Site "Duisburg"]
[Date "2004.05.30"]
[Round "4"]
[White "Sikorski, Thomas"]
[Black "Mietner, Franz"]
[Result "0-1"]
[WhiteElo "1713"]
[BlackElo "2042"]
[PlyCount "60"]
[EventDate "2004.05.28"]
[EventType "swiss"]
[EventRounds "7"]
[EventCountry "GER"]
[SourceTitle "EXT 2006"]
[Source "ChessBase"]
[SourceDate "2005.11.24"]
[SourceVersion "1"]
[SourceVersionDate "2005.11.24"]
[SourceQuality "1"]

1. c4 Nf6 2. Nf3 g6 3. g3 Bg7 4. Bg2 0-0 5. 0-0 c6 6. Nc3 d5 7. cxd5 cxd5 8. d4 Nc6 9. a3 Bg4 10. h3 Bxf3 11. Bxf3 Qd7 12. Bg2 Rac8 13. e3 e6 14. Bd2 e5 15. dxe5 Nxe5 16. Ne2 Ne4 17. Bb4 Rfd8 18. Nd4 Nc6 19. Be1 Nxd4 20. exd4 Qc6 21. f3 Nd6 22. Bf2 Bh6 23. f4 Ne4 24. Rc1 Qd7 25. Qd3 f5 26. b4 Bg7 27. b5 Qd6 28. Rc2 Rxc2 29. Qxc2 Nxf2 30. Qxf2 Qxa3 0-1

[Event "Ruhrhalbinsel op 19th"]
[Site "Essen"]
[Date "2004.05.23"]
[Round "7"]
[White "Sikorski, Thomas"]
[Black "Ozerov, Ilja"]
[Result "1/2-1/2"]
[WhiteElo "1999"]
[BlackElo "1819"]
[PlyCount "62"]
[EventDate "2004.05.??"]
[EventType "swiss"]
[EventRounds "7"]
[EventCountry "GER"]
[SourceTitle "CBM 100 Extra"]
[Source "ChessBase"]
[SourceDate "2004.07.06"]
[SourceVersion "2"]
[SourceVersionDate "2004.07.06"]
[SourceQuality "1"]

1. c4 f5 2. Nf3 Nf6 3. Nc3 d6 4. d4 g6 5. Qc2 a5 6. e4 fxe4 7. Nxe4 Bg7 8. Nxf6+ exf6 9. Be3 Na6 10. a3 c5 11. Rd1 Qc7 12. h3 0-0 13. Bd3 f5 14. d5 h6 15. 0-0 Bd7 16. Bd2 Rab8 17. Rfe1 Rfe8 18. Bc3 Rxe1+ 19. Rxe1 Re8 20. Bxg7 Rxe1+ 21. Nxe1 Kxg7 22. Qc3+ Kh7 23. Qf6 Be8 24. g4 fxg4 25. hxg4 Qd7 26. f3 Bf7 27. Ng2 Nc7 28. f4 Ne8 29. Qh4 Kg7 30. f5 g5 31. Qe1 b6 1/2-1/2

[Event "Ruhrgebiet 4 Cup"]
[Site "Ruhrgebiet"]
[Date "2001.??.??"]
[Round "1"]
[White "Kern, Guido"]
[Black "Sikorski, Thomas"]
[Result "1-0"]
[WhiteElo "2293"]
[BlackElo "1604"]
[PlyCount "87"]
[EventDate "2001.??.??"]
[EventType "team-k.o."]
[EventRounds "3"]
[EventCountry "GER"]
[SourceTitle "EXT 2024"]
[Source "ChessBase"]
[SourceDate "2023.10.10"]
[SourceVersion "1"]
[SourceVersionDate "2023.10.10"]
[SourceQuality "1"]
[WhiteTeam "Muelheim Nord"]
[BlackTeam "Herne Sodingen"]
[WhiteTeamCountry "GER"]
[BlackTeamCountry "GER"]

1. Nf3 g6 2. e4 Bg7 3. d4 d6 4. Nc3 Nf6 5. Bf4 0-0 6. Qd2 Bg4 7. Be2 Nbd7 8. 0-0 Bxf3 9. Bxf3 e5 10. dxe5 Nxe5 11. Be2 Re8 12. Bg5 Qd7 13. f3 a6 14. Kh1 b5 15. b3 Nc6 16. Rad1 Re5 17. Bf4 Re7 18. a4 b4 19. Na2 Nh5 20. Bg5 Re5 21. g4 Nd4 22. Be3 Nxe2 23. Qxe2 Nf6 24. Bd4 Ree8 25. Bxf6 Bxf6 26. Nxb4 a5 27. Nd5 Be5 28. Qg2 Rab8 29. Rd3 c6 30. Ne3 Bf4 31. Nc4 Qc7 32. Rfd1 Rbd8 33. Qf2 Re6 34. Ne3 Qb6 35. Kg2 f5 36. gxf5 gxf5 37. Nxf5 Rg6+ 38. Kf1 Qxf2+ 39. Kxf2 Kf7 40. Rg1 Rxg1 41. Kxg1 Rg8+ 42. Kf2 Bxh2 43. Rd1 Bf4 44. Nxd6+ 1-0